[Event "Grangemouth op"]
[Site "Grangemouth"]
[Date "2001.??.??"]
[Round "?"]
[White "Muir, Andrew Joseph"]
[Black "Hodgson, Julian M"]
[Result "0-1"]
[WhiteElo "2295"]
[BlackElo "2640"]
[PlyCount "68"]
[EventDate "2001.??.??"]
[EventType "swiss"]
[EventRounds "5"]
[EventCountry "SCO"]
[SourceTitle "EXT 2006"]
[Source "ChessBase"]
[SourceDate "2005.11.24"]
[SourceVersion "1"]
[SourceVersionDate "2005.11.24"]
[SourceQuality "1"]

1. d4 d5 2. c4 c6 3. Nf3 Nf6 4. Nc3 a6 5. a4 Bg4 6. Ne5 Bf5 7. Qb3 Ra7 8. Bg5 h6 9. Bxf6 exf6 10. Nf3 dxc4 11. Qxc4 b5 12. Qb3 b4 13. Nb1 Be6 14. Qc2 b3 15. Qd2 c5 16. e3 Nc6 17. Nc3 cxd4 18. Nxd4 Nxd4 19. exd4 Bb4 20. Be2 0-0 21. 0-0 Qa5 22. Qd3 Bxc3 23. Qxc3 Qxc3 24. bxc3 Rc8 25. c4 Bxc4 26. Bxc4 Rxc4 27. d5 Rd4 28. Rab1 Rb7 29. Rfc1 b2 30. Rc8+ Kh7 31. Kf1 Rxa4 32. Re8 Ra1 33. Ree1 Rxb1 34. Rxb1 Kg8 0-1

[Event "Vikings GM 2nd"]
[Site "York"]
[Date "2000.12.17"]
[Round "5"]
[White "Hodgson, Julian M"]
[Black "Barsov, Alexei"]
[Result "1-0"]
[WhiteElo "2640"]
[BlackElo "2534"]
[PlyCount "83"]
[EventDate "2000.12.13"]
[EventType "tourn"]
[EventRounds "10"]
[EventCountry "ENG"]
[EventCategory "12"]
[SourceTitle "CBM 081"]
[Source "ChessBase"]
[SourceDate "2001.03.20"]
[SourceVersion "1"]
[SourceVersionDate "2001.03.20"]
[SourceQuality "1"]

1. c4 e6 2. Nc3 Nf6 3. e4 c5 4. e5 Ng8 5. Nf3 Nc6 6. d4 cxd4 7. Nxd4 Nxe5 8. Ndb5 f6 9. Be3 a6 10. Nd6+ Bxd6 11. Qxd6 Ne7 12. Bb6 Nf5 13. Qc5 d6 14. Qa5 Qd7 15. f4 Nc6 16. Qa3 Nce7 17. 0-0-0 Qc6 18. c5 Kf7 19. Be2 Ne3 20. Rd2 N3d5 21. Nxd5 Nxd5 22. Kb1 Nxf4 23. Bf3 d5 24. Rhd1 Qb5 25. Qe3 Ng6 26. Rxd5 exd5 27. Bxd5+ Kf8 28. c6 Ne5 29. cxb7 Bxb7 30. Bxb7 Rb8 31. a4 Qxa4 32. Qc5+ Kf7 33. Rd4 Qb5 34. Qc7+ Kg6 35. Qc2+ Kf7 36. Qc7+ Kg6 37. Qc2+ Kf7 38. Bd5+ Ke8 39. Bc7 Rb6 40. Bxe5 fxe5 41. Qc8+ Ke7 42. Qc7+ 1-0

[Event "Vikings GM 2nd"]
[Site "York"]
[Date "2000.12.14"]
[Round "2"]
[White "Hodgson, Julian M"]
[Black "Rowson, Jonathan"]
[Result "1/2-1/2"]
[WhiteElo "2640"]
[BlackElo "2494"]
[PlyCount "47"]
[EventDate "2000.12.13"]
[EventType "tourn"]
[EventRounds "10"]
[EventCountry "ENG"]
[EventCategory "12"]
[SourceTitle "CBM 081"]
[Source "ChessBase"]
[SourceDate "2001.03.20"]
[SourceVersion "1"]
[SourceVersionDate "2001.03.20"]
[SourceQuality "1"]

1. d4 Nf6 2. Bg5 e6 3. e4 h6 4. Bxf6 Qxf6 5. Nc3 Bb4 6. Qd2 c5 7. a3 Bxc3 8. bxc3 d6 9. Nf3 0-0 10. Be2 Nc6 11. 0-0 e5 12. dxe5 dxe5 13. Qe3 Bg4 14. Qxc5 Rfc8 15. Qe3 Qf4 16. Qxf4 exf4 17. Rab1 Bxf3 18. gxf3 b6 19. Rb5 Ne7 20. c4 Rc7 21. Rd1 Rac8 22. a4 Kf8 23. Kg2 g6 24. Rd6 1/2-1/2

[Event "Bundesliga 0001"]
[Site "Germany"]
[Date "2000.12.09"]
[Round "3.2"]
[White "Ribli, Zoltan"]
[Black "Hodgson, Julian M"]
[Result "1/2-1/2"]
[WhiteElo "2569"]
[BlackElo "2640"]
[PlyCount "35"]
[EventDate "2000.10.14"]
[EventType "team-tourn"]
[EventRounds "15"]
[EventCountry "GER"]
[SourceTitle "CBM 082 Extra"]
[Source "ChessBase"]
[SourceDate "2001.07.03"]
[SourceVersion "1"]
[SourceVersionDate "2001.07.03"]
[SourceQuality "1"]
[WhiteTeam "Tegernsee"]
[BlackTeam "Luebeck"]
[WhiteTeamCountry "GER"]
[BlackTeamCountry "GER"]

1. Nf3 d5 2. d4 c6 3. c4 Nf6 4. Nc3 dxc4 5. a4 Bg4 6. Ne5 Nbd7 7. Nxg4 Nxg4 8. e3 Ngf6 9. Bxc4 e6 10. 0-0 Bb4 11. Qb3 Qb6 12. Rd1 0-0 13. Bd2 Qa5 14. Be1 Nb6 15. Be2 Kh8 16. Bf3 Rad8 17. e4 h6 18. h4 1/2-1/2

[Event "BCF-ch rapidplay"]
[Site "Leeds"]
[Date "2000.11.19"]
[Round "10"]
[White "Hebden, Mark"]
[Black "Hodgson, Julian M"]
[Result "1/2-1/2"]
[WhiteElo "2505"]
[BlackElo "2640"]
[PlyCount "64"]
[EventDate "2000.11.18"]
[EventType "swiss (rapid)"]
[EventRounds "11"]
[EventCountry "ENG"]
[SourceTitle "EXT 2002"]
[Source "ChessBase"]
[SourceDate "2001.11.25"]
[SourceVersion "1"]
[SourceVersionDate "2001.11.25"]
[SourceQuality "1"]

1. d4 d5 2. c4 c6 3. Nf3 Nf6 4. e3 a6 5. Bd2 e6 6. Qb3 c5 7. cxd5 exd5 8. dxc5 Bxc5 9. Bb4 Bxb4+ 10. Qxb4 Nc6 11. Qa3 Bg4 12. Be2 Qe7 13. Qxe7+ Kxe7 14. Nc3 Rhd8 15. Nd4 Nxd4 16. exd4 Bxe2 17. Kxe2 Kd6 18. f3 Nh5 19. g3 g6 20. Kd3 Ng7 21. Na4 Re8 22. Rhe1 Ne6 23. Nb6 Rad8 24. Rac1 Nc7 25. Re5 f6 26. Rxe8 Rxe8 27. b4 f5 28. f4 Re4 29. Nc8+ Kd7 30. Nb6+ Kd6 31. Nc8+ Kd7 32. Nb6+ Kd6 1/2-1/2